Multiplicador electrónico analógico mediante variación de frecuencia, anchura y polaridad de trenes de impulsos / (Record no. 35828)

MARC details
000 -LEADER
campo de control de longitud fija 00663nam a2200181 i 4500
001 - NÚMERO DE CONTROL
campo de control 35828
003 - IDENTIFICADOR DE NÚMERO DE CONTROL
campo de control ES-MaACL
005 - FECHA Y HORA DE LA ÚLTIMA TRANSACCIÓN
campo de control 20230906155225.0
007 - CAMPO FIJO DE DESCRIPCIÓN FÍSICA--INFORMACIÓN GENERAL
campo de control de longitud fija t|
008 - DATOS DE LONGITUD FIJA--INFORMACIÓN GENERAL
campo de control de longitud fija 030214s1970 sp df |||| | spa d
100 1# - ENTRADA PRINCIPAL--NOMBRE DE PERSONA
Nombre de persona Bracho del Pino, Salvador.
9 (RLIN) 31238
245 10 - MENCIÓN DEL TÍTULO
Título Multiplicador electrónico analógico mediante variación de frecuencia, anchura y polaridad de trenes de impulsos /
Mención de responsabilidad, etc. por Salvador Bracho del Pino.
260 ## - PUBLICACIÓN, DISTRIBUCIÓN, ETC.
Lugar de publicación, distribución, etc. Sevilla :
Nombre del editor, distribuidor, etc. Universidad de Sevilla,
Fecha de publicación, distribución, etc. 1970.
300 ## - DESCRIPCIÓN FÍSICA
Extensión 107 p., 7 lám. :
Otras características físicas gráf. ;
Dimensiones 24 cm.
650 #4 - PUNTO DE ACCESO ADICIONAL DE MATERIA--TÉRMINO DE MATERIA
Término de materia o nombre geográfico como elemento de entrada Ordenadores analógicos electrónicos.
9 (RLIN) 168587
710 2# - ENTRADA AGREGADA--NOMBRE DE ENTIDAD CORPORATIVA
Nombre de entidad corporativa o nombre de jurisdicción como elemento de entrada Universidad de Sevilla.
9 (RLIN) 7301
852 ## - LOCALIZACIÓN
Ubicación ES-MaACL
Número de control de estantería C-41721
Holdings
Estatus retirado Estado de pérdida Estado de daño No para préstamo Biblioteca de origen Biblioteca actual Ubicación en estantería Fecha de adquisición Fuente de adquisición Total de préstamos Signatura topográfica completa Código de barras Visto por última vez Precio de reemplazo Tipo de ítem Koha
        Biblioteca del Ateneo de Madrid Biblioteca del Ateneo de Madrid Depósito 2 17/01/2008     C-41721 1037537 23/02/2023 23/02/2023 Libro impreso